[Event "Ica La Tinguina Cup"]
[Site "Ica"]
[Date "2023.11.26"]
[Round "6"]
[White "Palomino Landeo, Diego Fernando"]
[Black "Tacas Granda, Natalia Lisseth"]
[Result "1-0"]
[WhiteElo "1712"]
[BlackElo "1247"]
[PlyCount "40"]
[EventDate "2023.11.25"]
[EventType "tourn"]
[EventRounds "9"]
[EventCountry "PER"]
[SourceTitle "CB49_2023"]
[SourceDate "2023.12.06"]
[SourceVersion "1"]
[SourceVersionDate "2023.12.06"]
[SourceQuality "1"]

1. d4 d5 2. Nf3 e6 3. Bf4 Nf6 4. e3 Be7 5. Bd3 Nbd7 6. c3 0-0 7. Nbd2 b6 8. Ne5 Bb7 9. Qf3 c5 10. Qh3 cxd4 11. exd4 Rc8 12. 0-0 a6 13. Rae1 Re8 14. Bg5 g6 15. f4 Ne4 16. Nxe4 dxe4 17. Bxe4 Bxe4 18. Rxe4 Nxe5 19. Bxe7 Qxe7 20. fxe5 b5 1-0

[Event "Pan American-ch School U15 12th"]
[Site "Callao"]
[Date "2023.10.19"]
[Round "6"]
[White "Zaragoza Alanis, Miguel Arnulfo"]
[Black "Palomino Landeo, Diego Fernando"]
[Result "1-0"]
[WhiteElo "1862"]
[BlackElo "1679"]
[PlyCount "123"]
[EventDate "2023.10.16"]
[EventType "swiss"]
[EventRounds "9"]
[EventCountry "PER"]
[SourceTitle "Mega2024 Update 01"]
[Source "Chessbase"]
[SourceDate "2023.11.12"]
[SourceVersion "1"]
[SourceVersionDate "2023.11.12"]
[SourceQuality "1"]

1. e4 e6 2. d4 d5 3. e5 c5 4. c3 Nc6 5. Nf3 Qb6 6. a3 Nh6 7. b4 cxd4 8. Bxh6 gxh6 9. cxd4 Bd7 10. g3 a5 11. b5 Na7 12. a4 Bb4+ 13. Nbd2 Bc3 14. Rc1 Bxd4 15. Ne4 dxe4 16. Qxd4 Qxd4 17. Nxd4 Rc8 18. Rxc8+ Nxc8 19. Bg2 Nb6 20. Bxe4 Nxa4 21. Bxb7 Nc5 22. Bc6 Nd3+ 23. Kd2 Nxe5 24. f4 Nc4+ 25. Kc3 Nb6 26. Ra1 a4 27. Kb4 Kd8 28. Ka5 Bxc6 29. Kxb6 Bd5 30. Nc6+ Kd7 31. Rxa4 Kd6 32. Ra7 Rf8 33. g4 Bg2 34. h4 Bh1 35. Ne5 Rb8+ 36. Ka5 f6 37. Nf7+ Kc5 38. Re7 Kd4 39. Nxh6 e5 40. Nf5+ Kd3 41. fxe5 fxe5 42. Rxh7 e4 43. Re7 Bf3 44. Rd7+ Kc4 45. Ne3+ Kb3 46. b6 Be2 47. b7 Re8 48. Kb6 Re6+ 49. Ka7 Ra6+ 50. Kb8 Bb5 51. Rc7 Re6 52. Rc5 Kb4 53. Rf5 Ka5 54. Nd5 e3 55. Nc3 e2 56. Nxe2 Rxe2 57. Ka8 Ka6 58. Rf6+ Ka5 59. b8Q Ra2 60. Qa7+ Kb4 61. Qxa2 Bc6+ 62. Rxc6 1-0

[Event "Pan American-ch School U15 12th"]
[Site "Callao"]
[Date "2023.10.16"]
[Round "2"]
[White "Calcina Arroyo, Richard Antonio Axe"]
[Black "Palomino Landeo, Diego Fernando"]
[Result "1/2-1/2"]
[WhiteElo "1427"]
[BlackElo "1679"]
[PlyCount "123"]
[EventDate "2023.10.16"]
[EventType "swiss"]
[EventRounds "9"]
[EventCountry "PER"]
[SourceTitle "Mega2024 Update 01"]
[Source "Chessbase"]
[SourceDate "2023.11.12"]
[SourceVersion "1"]
[SourceVersionDate "2023.11.12"]
[SourceQuality "1"]

1. d4 e6 2. Bf4 Nf6 3. Nf3 d5 4. Nbd2 c5 5. c3 Bd6 6. Ne5 0-0 7. e3 Qc7 8. Bd3 Nbd7 9. Ndf3 b6 10. 0-0 Bb7 11. a4 Ne4 12. a5 f6 13. Nxd7 Qxd7 14. axb6 axb6 15. Qc2 Bxf4 16. exf4 cxd4 17. Nxd4 e5 18. Rxa8 Bxa8 19. fxe5 fxe5 20. Bxe4 dxe4 21. Ne2 h6 22. Rd1 Qc6 23. Ng3 Bb7 24. h3 Qc4 25. b3 Qf7 26. Nxe4 Qg6 27. Re1 Rf4 28. f3 Rxf3 29. Qe2 Rxh3 30. Qc4+ Kh7 31. Nf6+ Qxf6 32. gxh3 e4 33. Rxe4 Qf3 34. Rg4 Qh1+ 35. Kf2 Qf3+ 36. Ke1 Qxh3 37. Qf4 Qxc3+ 38. Ke2 Qc2+ 39. Ke1 Qc3+ 40. Ke2 Qxb3 41. Qf5+ Kg8 42. Rf4 Qb2+ 43. Kd1 Qb3+ 44. Ke2 Ba6+ 45. Kf2 Qa2+ 46. Kg3 Qa3+ 47. Rf3 Qd6+ 48. Kh3 Qe7 49. Qd5+ Kh7 50. Qf5+ Kh8 51. Qf8+ Qxf8 52. Rxf8+ Kh7 53. Kg3 Bd3 54. Rb8 b5 55. Rb6 Kg8 56. Rb7 Kf8 57. Kf4 Kg8 58. Rd7 Bc2 59. Rb7 Ba4 60. Kf5 Kh7 61. Rb6 Bc2+ 62. Kg4 1/2-1/2

[Event "Nizami Ganjavi 880 years U17"]
[Site "Tornelo INT"]
[Date "2021.04.04"]
[Round "8.6"]
[White "Vedmediuc, Artiom"]
[Black "Palomino Landeo, Diego Fernando"]
[Result "1-0"]
[WhiteElo "1680"]
[BlackElo "1334"]
[PlyCount "105"]
[EventDate "2021.04.02"]
[EventType "team-swiss (blitz)"]
[EventRounds "9"]
[EventCountry "AZE"]
[SourceTitle "EXT 2023"]
[Source "ChessBase"]
[SourceDate "2022.10.05"]
[SourceVersion "1"]
[SourceVersionDate "2022.10.05"]
[SourceQuality "1"]
[WhiteTeam "Moldova"]
[BlackTeam "Peru"]
[WhiteTeamCountry "MDA"]
[BlackTeamCountry "PER"]

1. e4 e6 2. d4 d5 3. Nc3 Nf6 4. e5 Nfd7 5. f4 c5 6. Nf3 Nc6 7. Be3 cxd4 8. Bxd4 Nxd4 9. Nxd4 Bc5 10. Na4 Be7 11. Bd3 0-0 12. 0-0 Nc5 13. Nc3 Nxd3 14. Qxd3 f6 15. Rae1 f5 16. Kh1 Qe8 17. Rf3 Kh8 18. Rg1 Qh5 19. Nd1 Bd7 20. Ne3 g5 21. Rh3 Qf7 22. g4 gxf4 23. gxf5 exf5 24. Ng2 Rg8 25. Nxf4 Rxg1+ 26. Kxg1 Rg8+ 27. Kf2 Qg7 28. e6 Qg1+ 29. Ke2 Qg4+ 30. Qf3 Be8 31. Rg3 Qxf3+ 32. Kxf3 Bf6 33. Nxf5 Rxg3+ 34. Kxg3 Kg8 35. Nxd5 Bxb2 36. Kf4 Kf8 37. e7+ Kg8 38. Nd6 Bc1+ 39. Kg3 Bd7 40. e8Q+ Bxe8 41. Nxe8 b6 42. Nec7 Kf7 43. Nb5 a6 44. Nbc3 b5 45. Nc7 Bb2 46. N3d5 Be5+ 47. Kg2 a5 48. Nxb5 Ke6 49. Ndc3 h6 50. h3 Bf6 51. Kf3 Kf5 52. Nd5 Be5 53. c4 1-0

[Event "Pan American-ch U12"]
[Site "Guayaquil"]
[Date "2019.07.24"]
[Round "5"]
[White "Palomino Landeo, Diego Fernando"]
[Black "Mendez Machado, Andre"]
[Result "1/2-1/2"]
[WhiteElo "1281"]
[BlackElo "1718"]
[PlyCount "34"]
[EventDate "2019.07.21"]
[EventType "swiss"]
[EventRounds "9"]
[EventCountry "ECU"]
[SourceTitle "EXT 2020"]
[Source "ChessBase"]
[SourceDate "2019.10.17"]
[SourceVersion "1"]
[SourceVersionDate "2019.10.17"]
[SourceQuality "1"]

1. d4 Nf6 2. Bf4 e6 3. e3 b6 4. Nf3 Bb7 5. Bd3 Be7 6. h3 0-0 7. 0-0 d6 8. Nbd2 d5 9. Ne5 Nbd7 10. a3 c5 11. c3 Rc8 12. Qb1 h6 13. Rc1 Nxe5 14. Bxe5 Nd7 15. Nf3 Bf6 16. Bxf6 Qxf6 17. e4 Qf4 1/2-1/2